1105 1233 1714 1605 1804 1370 1523 1879 1562 1320 1757 1166 1663 1064 1759 1052 1329 1870 1065 1838 1414 1313 1386 1041 1133 1728 1910 1908 1760 1779 1216 1382 1117 1588 1725 1050 1633 1075 1556 1968 1479 1581 1590 1961 1459 1869 1569 1221 1502 1869 1233 1366 1284 1885 1558 1530 1548 1425 1598 1487 1123 1733 1606 1379 1763 1334 1167 1862 1141 1291 1599 1737 1932 1284 1547 1587 1126 1363 1273 1839 1990 1032 1874 1608 1641 1715 1721 1386 1614 1181 1441 1831 1087 1298 1936 1397 1310 1083 1322 BCNSPRNW ULIB Ver.6.0+V

เปลี่ยนเป็นภาษาไทย

Change to English
 แสดงรายละเอียดบรรณานุกรม
  กลับหน้าหลัก

Brief Record : Get Marc (ISO 2709) : E-mail record : QR code < ปิดหน้าต่าง
LEADER : 00000nam 2200000uu 4500
001    13399114288
003     ULIB
008    110606s||||||||th 000 0 tha d
020    9786167291123
060 04 WS420^bช149ฉ
100 0  ชนิกา ตู้จินดา
245 10 ฉลาดรู้ดูแลลูกแรกเกิด /^cชนิกา ตู้จินดา
250    พิมพ์ครั้งที่ 1
260    กรุงเทพฯ :^bรักลูกBooks,^c2554
300    135 หน้า
650  7 ทารกแรกเกิด
650  7 คู่มือดูแลลูก
650  7 ลูกแรกเกิด
710 2  รักลูกBooks
945    ^p165^l0^i031346
945    ^p165^l0^i031347
995    ทศพร
999    ^aใช้งานได้ทุกระบบ
รายการนี้ยังไม่มีแท็ก
คุณยังไม่ได้ล็อกอิน คุณสามารถมีกิจกรรมร่วมกับเว็บไซต์ได้ แต่ต้องล็อกอินก่อน ::
  ล็อกอิน

รายการสื่อสารสนเทศ

ลำดับที่ ประเภท เลขเรียก/บาร์โค้ด สถานที่ สถานะ
1. วิทยาศาสตร์การแพทย์ และสุขภาพ
หนังสือสำรอง
สถานะ=หนังสือสำรอง
WS420 ช149ฉ ฉ.1 
  Barcode: 031346
ห้องสมุดวิทยาเขตสวรรค์ประชารักษ์
►ส่วนจัดเก็บหนังสือเก่า สปร
บนชั้น
  ขอยืม

รายการใกล้เคียง
    ผู้แต่ง [ชนิกา ตู้จินดา]

    หัวเรื่อง [ทารกแรกเกิด]
    หัวเรื่อง [คู่มือดูแลลูก]
    หัวเรื่อง [ลูกแรกเกิด]

BibComment


ยังไม่เคยถูกคอมเมนท์

คอมเมนท์ทรัพยากรรายการนี้
  คอมเมนท์: ฉลาดรู้ดูแลลูกแรก..


 Copyright 2026. Bcnsprnw @Library